|
|
|
|
| LEADER |
00000nam0a2200000 4500 |
| 001 |
110886 |
| 005 |
20231031120612.0 |
| 035 |
|
|
|a (RuTPU)RU\TPU\book\119748
|
| 090 |
|
|
|a 110886
|
| 100 |
|
|
|a 20070302d1977 km y0rusy50 ca
|
| 101 |
0 |
|
|a rus
|
| 102 |
|
|
|a RU
|
| 105 |
|
|
|a a g 001zy
|
| 200 |
1 |
|
|a Справочник по промышленным взрывчатым веществам и средствам взрывания
|f З. Г. Поздняков, Б. Д. Росси
|
| 205 |
|
|
|a 2-е изд., перераб. и доп.
|
| 210 |
|
|
|a Москва
|c Недра
|d 1977
|
| 215 |
|
|
|a 253 с.
|c ил.
|
| 320 |
|
|
|a Библиогр.: с. 249-251.
|
| 610 |
1 |
|
|a промышленные взрывчатые вещества
|
| 610 |
1 |
|
|a классификация
|
| 610 |
1 |
|
|a характеристики
|
| 610 |
1 |
|
|a компоненты
|
| 610 |
1 |
|
|a окислители
|
| 610 |
1 |
|
|a расфасовка
|
| 610 |
1 |
|
|a упаковка
|
| 610 |
1 |
|
|a перевозки
|
| 610 |
1 |
|
|a хранение
|
| 610 |
1 |
|
|a испытание
|
| 610 |
1 |
|
|a справочники
|
| 675 |
|
|
|a 622.235(035)
|v 3
|
| 700 |
|
1 |
|a Поздняков
|b З. Г.
|g Захар Григорьевич
|
| 701 |
|
1 |
|a Росси
|b Б. Д.
|g Борис Доминикович
|
| 801 |
|
1 |
|a RU
|b 63413507
|c 20070302
|g PSBO
|
| 801 |
|
2 |
|a RU
|b 63413507
|c 20080324
|g PSBO
|
| 942 |
|
|
|c BK
|